000
00329nam a2200133Ia 4500
008
151001s9999||||xx |||||||||||||| ||und||
100
_a
दुर्गा - भागवत
245
_a
पैस
250
_a
3
260
_b
पुणे प्रकाशन
260
_c
1988
300
_a
144
365
_b
18
999
_c
966759
_d
966756